Restaurant Design 101 (Record no. 13637)
[ view plain ]
| 000 -LEADER | |
|---|---|
| fixed length control field | 00197 a2200085 4500 |
| 020 ## - INTERNATIONAL STANDARD BOOK NUMBER | |
| International Standard Book Number | 9789881887498 |
| 100 ## - MAIN ENTRY--PERSONAL NAME | |
| Personal name | George Lam |
| 245 ## - TITLE STATEMENT | |
| Title | Restaurant Design 101 |
| 260 ## - PUBLICATION, DISTRIBUTION, ETC. | |
| Name of publisher, distributor, etc. | Pace Publishing Ltd |
| Date of publication, distribution, etc. | 2011 |
| Withdrawn status | Lost status | Source of classification or shelving scheme | Damaged status | Not for loan | Permanent Location | Current Location | Date acquired | Source of acquisition | Cost, normal purchase price | Barcode | Date last seen | Cost, replacement price | Price effective from | Koha item type |
|---|---|---|---|---|---|---|---|---|---|---|---|---|---|---|
| BMS College of Architecture, Design and Planning | BMS College of Architecture, Design and Planning | 2025-09-12 | 10 | 3965.50 | AR-UG4453 | 2025-09-12 | 5665.00 | 2025-09-12 | UG Books |